000 01362nam0a2200397 4500
001 RU\NLR\bibl\318670
005 20250621142303.0
010 _a5-17-011834-1
_bВ пер.
_95000
021 _aRU
_b2002-30668
_91521
035 _a(NLR Aleph) 000313739
090 _a53813
_c53813
100 _a20021008d2002 |||y0rusy50 ca
101 0 _arus
102 _aRU
105 _ay |||||||||
200 1 _aБизнес-корреспонденция на английском языке
_fЕ. А. Кутний
210 _aМ.
_aХарьков
_cАСТ
_cТорсинг
_d2002
215 _a207 с.
_d21
320 _aБиблиогр.: с. 205-207
606 0 _aАнглийский язык
_jУчебные издания
_9972309
_3RU\NLR\auth\6646032
610 0 _aОфициально-деловой стиль
610 0 _aЭтикет в переписке
610 0 _aЭлектронная почта
610 0 _aАнглийский язык
675 _a811.111(078):651
_v3
_zrus
686 _a81.2Англ-9
_2rubbk
686 _aШ143.21-93рус22
686 _aШ143.21-93рус3-6письм
700 1 _aКутний
_bЕ. А.
_gЕлена А.
_4070
801 0 _aRU
_bRKP
_c20021008
_gPSBO
801 1 _aRU
_bRKP
_c20021008
801 2 _aRU
_bNLR
_c20050302
_grcr
942 _cBOOK
980 _aNB